Statistics for Lyrical Quiz- Papa Roach's "Born For Greatness"

Click here to take the quiz!

General Stats

  • This quiz has been taken 30 times
  • The average score is 21 of 32

Answer Stats

LyricAnswer% Correct
We were born for ________GREATNESS
91%
We’re not nameless, we’re not faceless We were born for _______GREATNESS
91%
We were born for _________GREATNESS
91%
No we’re not ________NAMELESS
91%
No we’re not ____, we’re not _____,We were born for greatnessNameless/Faceless
91%
No we’re not _______, we’re not _______, We were born for greatnessNameless/Faceless
91%
They always tried to shame us But they don’t speak the _______language
87%
We're not ________FACELESS
83%
And I am ____ forfighting
83%
Oh, somebody sound the _____alarm
78%
Oh, it’s time that you know No we’re not nameless, we’re not faceless __ ____ ___ ________We were born for greatness
78%
One ____,life
74%
One ______,chance
70%
Oh, a fire was set __ ___ ____in the dark
70%
start _____living
70%
So if you’re _______, stop _______running
70%
It doesn’t matter if the ____ ___ ____ ___, If we just hold on, if we just hold on yeahworld has gone mad
65%
It doesn’t matter if the _____ ___ ____ ___world has gone mad
65%
All of the ______ ______broken people
61%
I am a man __ ___at war
57%
And we sing our ___, and we just hold on yeahsongs
57%
They say that I’m ________reckless
52%
Because I’m __________relentless
48%
Yeah you can try and blame us And try to take what’s ______sacred
48%
Somebody sound the alarm It’s ____ that you knowtime
48%
All of the people thrown ________overboard
43%
It doesn’t matter if the world has gone mad If we just hold on, if we ___ ___ on yeahjust hold
39%
Sing it louder just to ___ ___ _____ knowlet the world know
39%
They ____ on my face, and _____ on my namespit/curse
39%
____ __ ______ just to let the world knowSing it louder
35%
The ___ __ _______ and the world has gone mad And we sing our songs, and we just hold on yeahsky is falling
35%
They’re taking my life in _______vengeance
26%

Score Distribution

Percentile by Number Answered

Percent of People with Each Score

Your Score History

You have not taken this quiz